Quantum mechanics (Record no. 4622)

MARC details
000 -LEADER
fixed length control field 00960 a2200469 4500
000 - LEADER
fixed length control field BKB
001 - CONTROL NUMBER
control field 071306
005 - DATE AND TIME OF LATEST TRANSACTION
control field 20200902150949.0
008 - FIXED-LENGTH DATA ELEMENTS--GENERAL INFORMATION
fixed length control field
010 ## - LIBRARY OF CONGRESS CONTROL NUMBER
LC control number
020 ## - INTERNATIONAL STANDARD BOOK NUMBER
International Standard Book Number 9780471164333
082 ## - DEWEY DECIMAL CLASSIFICATION NUMBER
Classification number 530.12
Item number C66Q
100 1# - MAIN ENTRY--PERSONAL NAME
Personal name Cohen-Tannoudji, Claude
110 ## - MAIN ENTRY--CORPORATE NAME
Corporate name or jurisdiction name as entry element
245 1# - TITLE STATEMENT
Title Quantum mechanics
Statement of responsibility, etc by Claude Cohen-Tannoudji...[et.al]
250 ## - EDITION STATEMENT
Edition statement
260 ## - PUBLICATION, DISTRIBUTION, ETC. (IMPRINT)
Place of publication, distribution, etc Weinheim
Name of publisher, distributor, etc Wiley VCH
Date of publication, distribution, etc 2005
300 ## - PHYSICAL DESCRIPTION
Extent 898p.
490 ## - SERIES STATEMENT
Series statement
Volume number/sequential designation
500 ## - GENERAL NOTE
General note
600 ## - SUBJECT ADDED ENTRY--PERSONAL NAME
Personal name
610 ## - SUBJECT ADDED ENTRY--CORPORATE NAME
Corporate name or jurisdiction name as entry element
611 ## - SUBJECT ADDED ENTRY--MEETING NAME
Meeting name or jurisdiction name as entry element
630 ## - SUBJECT ADDED ENTRY--UNIFORM TITLE
Uniform title Physics
650 ## - SUBJECT ADDED ENTRY--TOPICAL TERM
Topical term or geographic name as entry element
651 ## - SUBJECT ADDED ENTRY--GEOGRAPHIC NAME
Geographic name
654 ## - SUBJECT ADDED ENTRY--FACETED TOPICAL TERM
Focus term
690 ## - LOCAL SUBJECT ADDED ENTRY--TOPICAL TERM (OCLC, RLIN)
Topical term or geographic name as entry element Quantum theory
700 ## - ADDED ENTRY--PERSONAL NAME
Personal name Diu Bernard
Numeration
Titles and other words associated with a name
700 ## - ADDED ENTRY--PERSONAL NAME
Personal name Streubel, Joachim
Numeration
Titles and other words associated with a name
700 ## - ADDED ENTRY--PERSONAL NAME
Personal name Laloë, Franck
Numeration
Titles and other words associated with a name
710 ## - ADDED ENTRY--CORPORATE NAME
Corporate name or jurisdiction name as entry element
Subordinate unit
Location of meeting
711 ## - ADDED ENTRY--MEETING NAME
Meeting name or jurisdiction name as entry element
720 ## - ADDED ENTRY--UNCONTROLLED NAME
Name
730 ## - ADDED ENTRY--UNIFORM TITLE
Uniform title
740 ## - ADDED ENTRY--UNCONTROLLED RELATED/ANALYTICAL TITLE
Uncontrolled related/analytical title
752 ## - ADDED ENTRY--HIERARCHICAL PLACE NAME
Country or larger entity
856 ## - ELECTRONIC LOCATION AND ACCESS
Host name
Path
Electronic name
904 ## - LOCAL DATA ELEMENT D, LDD (RLIN)
a
964 ## -
--
--
--
--
--
--
--
965 ## -
--
Holdings
Withdrawn status Lost status Damaged status Not for loan Home library Current library Date acquired Cost, normal purchase price Total Checkouts Full call number Barcode Date last seen Date checked out Price effective from Koha item type
        Central University Of Rajasthan Central University Of Rajasthan 07/03/2012 10870.65 2 530.12 C66Q 5593 21/11/2024 15/09/2022 02/09/2020 Books
        Central University Of Rajasthan Central University Of Rajasthan 07/03/2012 10870.65 6 530.12 C66Q 5594 21/11/2024 10/04/2023 02/09/2020 Books